| 000 | 00880nam a2200217Ii 4500 | ||
|---|---|---|---|
| 003 | JO-AjNU | ||
| 008 | 230605s9999||||xx |||||||||||||| ||und|| | ||
| 017 | _a2002/4626 | ||
| 040 |
_aJO-AjNU _bara _erda _cJO-AjNU |
||
| 041 | _aara | ||
| 050 | 1 | 4 | _aPK2199.I65.A51 2002 |
| 100 | 3 |
_aترجمة فرج،يوسف عبد الفتاح ؛ مراجعة وتصدير محمد علاء الدين منصور, _eauthor _920646 |
|
| 245 | 0 | 0 | _aمن مثنويات: محمد إقبال، 1- والآن ماذا ينبغي أن نفعل يا أمم الشرق 2- المسافر |
| 250 | _aط1 | ||
| 264 | 3 | 1 | _aالقاهرة: المركز القومي للترجمة، 2002 |
| 300 | _a120ص | ||
| 336 |
_atext _btxt _2rdacontent |
||
| 337 |
_aunmediated _bn _2rdamedia |
||
| 338 |
_avolume _bnc _2rdacarrier |
||
| 650 | 4 |
_aالشعر الأوردي - تاريخ ونقد - ترجمة _920647 |
|
| 999 |
_aA7034 _c10602 _d10602 |
||